000 01134cam a2200229 i 4500
005 20251201123510.0
008 250721s2004 le gr 000 0 ara d
082 1 4 _a213.1
_bز ر ك
100 1 _aالزركشي، بدر الدينابو عبدالله محمد بن بهادر بن
_eمؤلف.
245 1 2 _aالإجابة لإيراد ما استدركته عائشة على الصحابة /
_cتاليف الامام بدر الدين الزركشي ؛ حققه عن اصلين خطيين وقدم له الدكتور محمد بنيامبن ارول ؛ راجعه وقدم له المحدث شعيب الارنؤوط.
250 _aالطبعه الاولى.
264 3 1 _aبيروت :
_bمؤسسة الرسالة،
_c2004.
300 _a327 صفحه.
600 0 7 _aعائشة بنت أبي بكر رضي الله عنها
650 1 7 _aالحديث الشريف.
650 1 7 _aعلوم الحديث.
650 1 7 _aتدوين الحديث.
650 1 7 _aدفع المطاعن عن الحديث.
700 1 _aارول، محمد بنيامين
_dمحقق.
942 _2ddc
_cBK
999 _c108384
_d108384